Социалистическое отношение к труду: условия и факторы совершенствования

Dades bibliogràfiques
Autor principal: Коцюбинский В. И. Владимир Иосифович
Autor corporatiu: Академия наук Украинской ССР (АН УССР) Институт философии
Sumari:Исключено из фонда НТБ ТПУ
Idioma:rus
Publicat: Киев, Наукова думка, 1987
Format: MixedMaterials Llibre
KOHA link:https://koha.lib.tpu.ru/cgi-bin/koha/opac-detail.pl?biblionumber=121173

MARC

LEADER 00000nam0a2200000 4500
001 121173
005 20231031125316.0
020 |a RU  |b 87-13992 
035 |a (RuTPU)RU\TPU\book\131208 
090 |a 121173 
100 |a 20070911d1987 km y0rusy5003 ca 
101 0 |a rus 
102 |a UA 
105 |a y z 001zy 
200 1 |a Социалистическое отношение к труду: условия и факторы совершенствования  |f В. И. Коцюбинский  |g Академия наук Украинской ССР (АН УССР), Институт философии 
210 |a Киев  |c Наукова думка  |d 1987 
215 |a 117,[2] с. 
333 |a Исключено из фонда НТБ ТПУ 
700 1 |a Коцюбинский  |b В. И.  |g Владимир Иосифович 
712 0 2 |a Академия наук Украинской ССР (АН УССР)  |b Институт философии 
801 0 |a RU  |b RuMRKP  |c 19950417  |g psbo 
801 1 |a RU  |b 63413507  |c 20070911  |g PSBO 
801 2 |a RU  |b 63413507  |c 20220301  |g PSBO 
942 |c BK